<?xml version="1.0" encoding="UTF-8"?>
<record
    xmlns:xsi="http://www.w3.org/2001/XMLSchema-instance"
    xsi:schemaLocation="http://www.loc.gov/MARC21/slim http://www.loc.gov/standards/marcxml/schema/MARC21slim.xsd"
    xmlns="http://www.loc.gov/MARC21/slim">

  <leader>01158cam a22003015a 4500</leader>
  <controlfield tag="001">18294720</controlfield>
  <controlfield tag="005">20201128023648.0</controlfield>
  <controlfield tag="008">140908t2015    enk    frb    001 0 eng d</controlfield>
  <datafield tag="020" ind1=" " ind2=" ">
    <subfield code="a">9781783471591</subfield>
  </datafield>
  <datafield tag="040" ind1=" " ind2=" ">
    <subfield code="a">YDXCP</subfield>
    <subfield code="b">eng</subfield>
    <subfield code="c">YDXCP</subfield>
    <subfield code="d">CGU</subfield>
    <subfield code="d">BTCTA</subfield>
    <subfield code="d">SISMU</subfield>
    <subfield code="d">DLC</subfield>
    <subfield code="d">EG-ScBUE</subfield>
  </datafield>
  <datafield tag="082" ind1="0" ind2="4">
    <subfield code="2">22</subfield>
    <subfield code="a">341.67</subfield>
    <subfield code="b">TRE</subfield>
  </datafield>
  <datafield tag="100" ind1="1" ind2=" ">
    <subfield code="a">Trebilcock, M. J.</subfield>
    <subfield code="9">39467</subfield>
  </datafield>
  <datafield tag="240" ind1="1" ind2="0">
    <subfield code="a">Understanding trade law</subfield>
  </datafield>
  <datafield tag="245" ind1="1" ind2="0">
    <subfield code="a">Advanced introduction to international trade law /</subfield>
    <subfield code="c">Michael J. Trebilcock.</subfield>
  </datafield>
  <datafield tag="246" ind1="3" ind2="0">
    <subfield code="a">International trade law</subfield>
  </datafield>
  <datafield tag="260" ind1=" " ind2=" ">
    <subfield code="a">Cheltenham ;</subfield>
    <subfield code="a">Northampton :</subfield>
    <subfield code="b">Edward Elgar Publishing,</subfield>
    <subfield code="c">c.2015.</subfield>
  </datafield>
  <datafield tag="300" ind1=" " ind2=" ">
    <subfield code="a">x, 215 p. ;</subfield>
    <subfield code="c">22 cm.</subfield>
  </datafield>
  <datafield tag="490" ind1="0" ind2=" ">
    <subfield code="a">Elgar advanced introductions.</subfield>
  </datafield>
  <datafield tag="500" ind1=" " ind2=" ">
    <subfield code="a">Index : p. 203-215.</subfield>
  </datafield>
  <datafield tag="504" ind1=" " ind2=" ">
    <subfield code="a">Includes bibliographical references.</subfield>
  </datafield>
  <datafield tag="650" ind1=" " ind2="7">
    <subfield code="a">International economic relations.</subfield>
    <subfield code="2">BUEsh</subfield>
    <subfield code="9">3036</subfield>
  </datafield>
  <datafield tag="650" ind1=" " ind2="0">
    <subfield code="a">Free trade.</subfield>
    <subfield code="2">BUEsh</subfield>
    <subfield code="9">37259</subfield>
  </datafield>
  <datafield tag="651" ind1=" " ind2=" ">
    <subfield code="2">BUEsh</subfield>
  </datafield>
  <datafield tag="653" ind1=" " ind2=" ">
    <subfield code="b">LLAAWW</subfield>
    <subfield code="c">February2016</subfield>
  </datafield>
  <datafield tag="650" ind1=" " ind2="7">
    <subfield code="9">27887</subfield>
    <subfield code="a">Foreign trade regulation</subfield>
    <subfield code="2">BUEsh</subfield>
  </datafield>
  <datafield tag="775" ind1="0" ind2="8">
    <subfield code="i">Revised edition of [work]:</subfield>
    <subfield code="a">Trebilcock, Michael J.</subfield>
    <subfield code="t">Understanding trade law.</subfield>
    <subfield code="d">Cheltenham, U.K. : Edward Elgar, &#xFFFD;2011.</subfield>
    <subfield code="z">9780857931450</subfield>
    <subfield code="w">(OCoLC)726597769</subfield>
  </datafield>
  <datafield tag="942" ind1=" " ind2=" ">
    <subfield code="2">ddc</subfield>
  </datafield>
  <datafield tag="999" ind1=" " ind2=" ">
    <subfield code="c">21283</subfield>
    <subfield code="d">21255</subfield>
  </datafield>
  <datafield tag="952" ind1=" " ind2=" ">
    <subfield code="0">0</subfield>
    <subfield code="1">0</subfield>
    <subfield code="2">ddc</subfield>
    <subfield code="4">0</subfield>
    <subfield code="7">0</subfield>
    <subfield code="8">MERIC</subfield>
    <subfield code="a">MAIN</subfield>
    <subfield code="b">MAIN</subfield>
    <subfield code="c">1ST</subfield>
    <subfield code="d">2016-02-29</subfield>
    <subfield code="e">Purchase</subfield>
    <subfield code="g">1122.00</subfield>
    <subfield code="l">5</subfield>
    <subfield code="m">29</subfield>
    <subfield code="o">341.67 TRE</subfield>
    <subfield code="p">000031773</subfield>
    <subfield code="r">2025-07-15 00:00:00</subfield>
    <subfield code="s">2024-10-08</subfield>
    <subfield code="v">1403.00</subfield>
    <subfield code="y">BB</subfield>
  </datafield>
</record>
